000 00239nam a22000857a 4500
008 161015b xxu||||| |||| 00| 0 eng d
100 _9853
_aSarna.C.S.etal
245 _aSecondary Mathematics-IX
260 _aNew Delhi
_bGoyal Bro Publications
_c2009
999 _c3503
_d3503